000 00558nam a2200193Ia 4500
003 GCL
008 140319s9999 xx 000 0 eng d
020 _a977 424 538 5
040 _aGCL /
_cGCL
082 0 4 _aCC
_b916.2
_bB A
100 1 _aBREGA, ISABELLA
245 1 0 _aANCIENT AND MODERN EGYPT /
_cBREGA, ISABELLA
260 _aالقاهرة :
_bTHE AMERICAN UNIVERSITY IN CAIRO PRESS ،
_c1998
300 _a135 P
_bILL. ؛
_c30 cm.
650 0 4 _aANCIENT EGYPT
650 0 4 _aMODERN EGYPT
650 0 4 _aEGYPT - DESCRIPTION AND TRAVEL
942 _2ddc
_cBK
999 _c7793
_d7793